What is a reptile? / (Record no. 2873)

MARC details
000 -LEADER
fixed length control field 00923nam a22003017a 4500
001 - CONTROL NUMBER
control field 2873
003 - CONTROL NUMBER IDENTIFIER
control field FISKH
005 - DATE AND TIME OF LATEST TRANSACTION
control field 20240119135232.0
008 - FIXED-LENGTH DATA ELEMENTS--GENERAL INFORMATION
fixed length control field 240119b cb ||||| |||| 00| 0 eng d
020 ## - INTERNATIONAL STANDARD BOOK NUMBER
International Standard Book Number 9780439888523
040 ## - CATALOGING SOURCE
Language of cataloging eng
Transcribing agency FISKH
Modifying agency FISKH
Description conventions FISKH
050 ## - LIBRARY OF CONGRESS CALL NUMBER
Classification number QL665
082 ## - DEWEY DECIMAL CLASSIFICATION NUMBER
Classification number 597.9
100 ## - MAIN ENTRY--PERSONAL NAME
Personal name Melvin and Berger, Gilda
245 ## - TITLE STATEMENT
Title What is a reptile? /
Statement of responsibility, etc. by Melvin and Berger, Gilda
250 ## - EDITION STATEMENT
Edition statement First Printing, September 2006
260 ## - PUBLICATION, DISTRIBUTION, ETC.
Place of publication, distribution, etc. New York:
Name of publisher, distributor, etc. Scholastic ,
Date of publication, distribution, etc. 2006
300 ## - PHYSICAL DESCRIPTION
Extent 32 pages :
Other physical details color illustrations ;
Dimensions 19 cm .
490 ## - SERIES STATEMENT
Series statement Now I know
505 ## - FORMATTED CONTENTS NOTE
Formatted contents note H <br/>
520 ## - SUMMARY, ETC.
Summary, etc. Simple text and illustrations introduce some of the major characteristics of a variety of reptiles.
521 8# - TARGET AUDIENCE NOTE
Target audience note 430 <br/>
Source Lexile <br/>
521 8# - TARGET AUDIENCE NOTE
Target audience note H <br/>
Source Raz-Plus <br/>
600 ## - SUBJECT ADDED ENTRY--PERSONAL NAME
Source of heading or term reptiles
Form subdivision non-fiction
610 ## - SUBJECT ADDED ENTRY--CORPORATE NAME
Source of heading or term science
Form subdivision non-fiction
700 ## - ADDED ENTRY--PERSONAL NAME
Personal name Sabto, Nancy
Relator term designer
942 ## - ADDED ENTRY ELEMENTS (KOHA)
Source of classification or shelving scheme Dewey Decimal Classification
Koha item type Books
Suppress in OPAC No
Holdings
Withdrawn status Lost status Source of classification or shelving scheme Damaged status Not for loan Collection Home library Current library Shelving location Date acquired Total Checkouts Full call number Barcode Date last seen Date last checked out Copy number Price effective from Koha item type
    Dewey Decimal Classification     Non-Fiction Footprints International School Library Network Toul Kork Campus Footprints International School Library Network Toul Kork Campus   01/19/2024 2 BER 597.9 QL665 FISBK05102 04/03/2025 04/03/2025 1 01/19/2024 Books
    Dewey Decimal Classification     Non-Fiction Footprints International School Library Network Toul Kork Campus Footprints International School Library Network Toul Kork Campus   01/19/2024 3 BER 597.9 QL665 FISBK05106 05/07/2025 04/24/2025 2 01/19/2024 Books